| 000 | 01661cam a2200349 a 4500 | ||
|---|---|---|---|
| 001 | 2033593 | ||
| 005 | 20060728192548.0 | ||
| 007 | cr_||||||||||| | ||
| 008 | 921026s1993 enkb b 001 0 eng | ||
| 010 | _a 92040809 | ||
| 020 | _a0203329066 (electronic bk.) | ||
| 020 | _a0415020433 | ||
| 040 |
_aDLC _cDLC _dDLC |
||
| 043 | _ae-uk--- | ||
| 050 | 0 | 0 |
_aHC259 _b.H38 1993 |
| 082 | 0 | 0 |
_a338.9009171241 _220 _bHAV |
| 100 | 1 |
_aHavinden, Michael Ashley. _94960 |
|
| 245 | 1 | 0 |
_aColonialism and development : _bBritain and its tropical colonies, 1850-1960 / _cMichael Havinden and David Meredith. |
| 260 |
_aLondon ; _aNew York : _bRoutledge, _c1993. |
||
| 300 |
_axv, 420 p. : _bmap ; _c24 cm. |
||
| 504 | _aIncludes bibliographical references (p. 383-405) and index. | ||
| 530 | _aAlso available as an electronic book via the World Wide Web to institutions affiliated with netLibrary, Inc. | ||
| 650 | 0 |
_aEconomic development. _94961 |
|
| 651 | 0 |
_aGreat Britain _xColonies _xEconomic conditions. _94962 |
|
| 651 | 0 |
_aGreat Britain _xColonies _xEconomic policy. _94963 |
|
| 700 | 1 |
_aMeredith, David, _d1949- _94964 |
|
| 856 | 4 | 1 | _uhttp://www.netLibrary.com/urlapi.asp?action=summary&v=1&bookid=70370 |
| 856 | 4 | 2 |
_3Publisher description _uhttp://www.loc.gov/catdir/enhancements/fy0648/92040809-d.html |
| 942 |
_2ddc _cBB |
||
| 999 |
_c11580 _d11580 |
||